000 00354nam a2200133Ia 4500
008 240624s9999 xx 000 0 und d
041 _aeng
082 _a005.133 QUI
100 _aQUINN MICHAEL J
245 _aPARALLEL PROGRAMMING IN C WITH MPI AND O
260 _c2005
_aNew Delhi
_bTata McGrawhill
300 _axiv, : 529 : p. : cm. ; 24
365 _cRS
999 _c2765
_d2765